100 dni 100 dziedzin - 1 (słowa z Polskiego na Angielski) - Statystyki

Ogólne statystyki
  • Ten quiz został rozwiązany 25 razy
  • Średni wynik to 8 z 15
Statystyki odpowiedzi
Po Polsku Po Angielsku % Poprawnych
Drzewo Tree
100%
Wyspa Island
96%
Ołówek Pencil
92%
Stół Table
92%
Nauczyciel Teacher
92%
Kamień Stone
83%
Żaba Frog
79%
Arbuz Watermelon
79%
Liść Leaf
50%
Umiem mówić po angielsku I can speak English
38%
Biedronka Ladybird
21%
Poszłem do sklepu,kupić mleko I went to the shop to buy milk
13%
Dziekuję za rozwiązanie tego quizu Thank you for solving this quiz
8%
W moim ogródku jest mnóstwo żonkili My garden has a lot of daffodills
0%
Mały kotek bawił się włóczką The little kitten played with the yarn
0%
Nie znaleziono quizów pasujących do podanych kryteriów
Rozkład punktacji
Procent ludzi z każdym wynikiem
Percentyl według liczby udzielonych odpowiedzi
Twoja historia wyników
Nie rozwiązałeś tego quizu